• 首页
  • 本馆介绍
  • 公告通知
  • 最新文献
  • 馆藏检索
  • 电子资源
  • 读者导购
  • 参考咨询
  • 我的图书馆
  • 登录
  • 详细信息显示
  • 放入我的书架
  • 预约/预借图书
  • 作者相关作品
  • 分类相关作品
  • 丛书相关作品
  • 出版社相关作品

书目信息

  • 表格格式
  • 工作单格式
  • 卡片格式
题名:
花生病虫害
    
 
作者: ;山东省花生研究所 编
分册:  
出版信息: 北京   农业出版社  1974
页数: 73页
开本: 19cm
丛书名:
单 册:
中图分类: S565.2
科图分类:
主题词: 花生--病虫害 , 经济作物
电子资源:
ISBN:
000 00691cam0 2200253 450098
001 0632463975
005 20060816090133.68
091    @a16144.1662@d0.46
100    @a19981202d1974 ekmy0chiy0121 ea
101 0  @achi
102    @aCN@b110000
105    @ay z 000yy
106    @ar
200 10 @a花生病虫害@f山东省花生研究所编@AHua Sheng Bing Chong Hai
210    @a北京@c农业出版社@d1974
215    @a73页@d19cm
300    @a书末附彩图24幅
410  0 @1 20010
606    @a花生@x病虫害
606 0  @a经济作物
690    @aS565.2@v3
711 02 @a山东省花生研究所@4编@Ashan dong sheng hua sheng yan jiu suo
801  0 @aCN@b上海图书馆 @c20060816
905    @a10447@dS565.2@e28
    
    花生病虫害/山东省花生研究所编.-北京:农业出版社,1974
    73页;19cm
    书末附彩图24幅
    
    ISBN :
    
●
相关链接 在E读中查询图书 在五车中查询图书 在当当中查询图书 在豆瓣中查询图书


正题名:花生病虫害     索取号:S565.2/28         预约/预借

序号 登录号 条形码 馆藏地/架位号 状态 备注
1 0458630   204586304   密集书库/ [索取号:S565.2/28] 在馆    
唐山师范学院图书馆 欢迎您!
大连网信软件有限公司© 版权所有